1565 1846 1201 1591 1195 1360 1620 1330 1761 1273 1821 1027 1994 1467 1706 1968 1833 1422 1779 1415 1297 1952 1447 1855 1378 1610 1759 1548 1693 1407 1569 1670 1186 1436 1105 1939 1627 1320 1172 1282 1303 1750 1530 1814 1312 1623 1595 1283 1385 1746 1571 1895 1575 1272 1390 1298 1447 1756 1346 1200 1790 1540 1115 1165 1542 1992 1596 1311 1101 1920 1138 1184 1266 1562 1509 1270 1585 1683 1633 1201 1759 1289 1080 1527 1183 1672 1664 1907 1797 1543 1231 1604 1623 1517 1134 1431 1913 1249 1320 BCNSPRNW ULIB Ver.6.0+V

เปลี่ยนเป็นภาษาไทย

Change to English
 แสดงรายละเอียดบรรณานุกรม
  กลับหน้าหลัก

Brief Record : Get Marc (ISO 2709) : E-mail record : QR code < ปิดหน้าต่าง
LEADER : 00000nam 2200000uu 4500
001    13399108696
003     ULIB
008    110311s2548||||th 000 0 tha d
060  4 QZ200^bส984ค 2548
110 1  กระทรวงสาธารณสุข^bกรมการแพทย์^bสถาบันมะเร็งแห่งชาติ^bศูนย์มะเร็งลพบุรี
245 00 คู่มือการดูแลตนเองของผู้ป่วยที่ได้รับรังสีรักษา/^cศูนย์มะเร็งลพบุรี
250    พิมพ์ครั้งที่ 1
260    ลพบุรี:^bศูนย์มะเร็ง ลพบุรี,^c2548
300    18 หน้า:^bภาพประกอบ
650  7 การดูแลตนเอง^xผู้ป่วยมะเร็ง
945    ^p0^l0^i017706
945    ^p0^l0^i017704
945    ^p0^l0^i017698
945    ^p0^l0^i017707
945    ^p0^l0^i017705
945    ^p0^l0^i017703
995    ทศพร
999 ^a ใช้งานได้ทุกระบบ
รายการนี้ยังไม่มีแท็ก
คุณยังไม่ได้ล็อกอิน คุณสามารถมีกิจกรรมร่วมกับเว็บไซต์ได้ แต่ต้องล็อกอินก่อน ::
  ล็อกอิน

รายการสื่อสารสนเทศ

ลำดับที่ ประเภท เลขเรียก/บาร์โค้ด สถานที่ สถานะ
- ไม่พบข้อมูล -

BibComment


ยังไม่เคยถูกคอมเมนท์

คอมเมนท์ทรัพยากรรายการนี้
  คอมเมนท์: คู่มือการดูแลตนเอ..


 Copyright 2026. Bcnsprnw @Library